Návrh anaeróbo-aeróbnej čistiarne odpadových vôd v škrobárenskom podniku

Gespeichert in:
Bibliographische Detailangaben
1. Verfasser: Jankovičová, Barbora (Verfasst von)
Weitere Verfasser: Hutňan, Miroslav (Betreuung Doktorarbeit)
Format: Manuskript Buch
Sprache:Slowakisch
Veröffentlicht: 2018
Schlagworte:
Online-Zugang:http://is.stuba.sk/zp/portal_zp.pl?podrobnosti=127207
Tags: Tag hinzufügen
Keine Tags, Fügen Sie das erste Tag hinzu!

MARC

LEADER 00000ntm a22000003a 4500
001 stuzp69834
003 SK-STU
005 20180623211052.7
007 ta
008 150427s2015----xo-----f-mn---000-0-slo-d
040 |a STU  |b slo 
041 0 |a slo 
100 1 |a Jankovičová, Barbora  |u 046290  |4 aut  |U FCHPT Ústav chemického a environmentálneho inžinierstva  |T FCHPT Oddelenie environmentálneho inžinierstva  |X 82079  |U C6290  |Y 120  |7 82079 
242 0 1 |a Design of Anaerobic-Aerobic Wastewater Treatment Plant in the Starch Factory  |y eng 
245 1 0 |a Návrh anaeróbo-aeróbnej čistiarne odpadových vôd v škrobárenskom podniku 
260 |c 2018 
650 4 |a anaeróbne spracovanie  |2 slo 
650 4 |a odpadové vody  |2 slo 
650 4 |a aeróbne spracovanie  |2 slo 
650 4 |a škrob  |2 slo 
650 4 |a aerobic treatment  |2 eng 
650 4 |a wastewater  |2 eng 
650 4 |a anaerobic treatment  |2 eng 
650 4 |a starch  |2 eng 
700 1 |a Hutňan, Miroslav  |u 046290  |k Z1  |4 ths  |U FCHPT Ústav chemického a environmentálneho inžinierstva  |T FCHPT Oddelenie environmentálneho inžinierstva  |X 3355  |U C6290  |Y 120  |7 A000003355 
856 4 |u http://is.stuba.sk/zp/portal_zp.pl?podrobnosti=127207